|
|
|
|
| LEADER |
01185nam a2200253 a 4500 |
| 001 |
GR-Patra24991 |
| 008 |
080401s2003 gr g b 001 0 eng d |
| 020 |
|
|
|a 0471386901
|
| 040 |
|
|
|a GrPaTEI
|b gre
|c GR-PaULI
|
| 040 |
|
|
|a GrPaTEI
|b gre
|c GR-PaULI
|
| 082 |
|
0 |
|a 658.1599
|2 22
|
| 100 |
1 |
|
|a Shapiro, Alan C.
|
| 245 |
1 |
0 |
|a Multinational financial management /
|c Alan C. Shapiro.
|
| 250 |
|
|
|a 7th ed.
|
| 260 |
|
|
|a New Jersey :
|b John Wiley and Sons,
|c c2003
|
| 300 |
|
|
|a xvi, 743 σ. :
|b εικ.
|
| 504 |
|
|
|a Περιλαμβάνει βιβλιογραφίες και ευρετήριο.
|
| 610 |
2 |
4 |
|a Παράρτημα Αμαλιάδος.
|b Τμήμα Εφαρμογών Πληροφορικής στη Διοίκηση και την Οικονομία
|
| 650 |
|
0 |
|a International business enterprice
|x Finance
|
| 650 |
|
4 |
|a Διεθνείς εμπορικές επιχειρήσεις
|x Οικονομική
|
| 942 |
|
|
|2 ddc
|
| 952 |
|
|
|0 0
|1 0
|2 ddc
|4 0
|6 658_159900000000000_SHA
|7 1
|9 306388
|a LISK
|b LISK
|c BSC
|d 2021-01-17
|e 24
|f 0
|g 0.00
|l 0
|o 658.1599 SHA
|p 92410038534
|r 2021-01-17 00:00:00
|t 1
|w 2021-01-17
|y BKN
|x 20080401 0 0
|x GrPaTEI
|
| 971 |
|
|
|a .b26725630
|b 15-04-20
|c 26-09-16
|
| 999 |
|
|
|c 177053
|d 177053
|